Justice for women : (Record no. 123054)
[ view plain ]
| 000 -LEADER | |
|---|---|
| fixed length control field | 00666nam a22002297a 4500 |
| 005 - DATE AND TIME OF LATEST TRANSACTION | |
| control field | 20170124105919.0 |
| 010 ## - LIBRARY OF CONGRESS CONTROL NUMBER | |
| LC control number | A-997979 |
| 020 ## - INTERNATIONAL STANDARD BOOK NUMBER | |
| Terms of availability | 00 |
| International Standard Book Number | 8185569260 |
| 035 ## - SYSTEM CONTROL NUMBER | |
| System control number | A-997979 |
| 037 ## - SOURCE OF ACQUISITION | |
| Source of stock number/acquisition | Cen Lib/Ret |
| 040 ## - CATALOGING SOURCE | |
| Original cataloging agency | DPL |
| Language of cataloging | EN |
| 082 ## - DEWEY DECIMAL CLASSIFICATION NUMBER | |
| Classification number | 346.0134 |
| Item number | JUS |
| 245 ## - TITLE STATEMENT | |
| Title | Justice for women : |
| Statement of responsibility, etc | edited by Indira Jaisingh |
| Remainder of title | personal laws, women's rights and law reforms / |
| 246 ## - VARYING FORM OF TITLE | |
| Remainder of title | |
| 260 ## - PUBLICATION, DISTRIBUTION, ETC. (IMPRINT) | |
| Name of publisher, distributor, etc | The Other India Press |
| Date of publication, distribution, etc | 1996 |
| Place of publication, distribution, etc | Goa |
| 270 ## - ADDRESS | |
| City | Goa |
| Address | mapusa |
| Postal code | 403507 |
| 300 ## - PHYSICAL DESCRIPTION | |
| Extent | v, 363p. |
| Dimensions | 20cm(Hb) |
| 650 ## - SUBJECT ADDED ENTRY--TOPICAL TERM | |
| Topical term or geographic name as entry element | Law |
| 9 (RLIN) | 104 |
| 650 ## - SUBJECT ADDED ENTRY--TOPICAL TERM | |
| Topical term or geographic name as entry element | Women's Rights |
| 9 (RLIN) | 3897 |
| 700 ## - ADDED ENTRY--PERSONAL NAME | |
| Personal name | Jaisingh, Indira |
| 9 (RLIN) | 3898 |
| 942 ## - ADDED ENTRY ELEMENTS (KOHA) | |
| Source of classification or shelving scheme | Dewey Decimal Classification |
| Koha item type | English Books |
| Classification part | 346.0134 |
| Call number suffix | JUS |
| Withdrawn status | Lost status | Damaged status | Not for loan | Collection code | Home library | Current library | Date acquired | Source of acquisition | Cost, normal purchase price | Total Checkouts | Full call number | Barcode | Date last seen | Copy number | Cost, replacement price | Price effective from | Koha item type |
|---|---|---|---|---|---|---|---|---|---|---|---|---|---|---|---|---|---|
| Not For Loan | Reference | Central Library | Central Library | 02/06/2015 | Cen Lib/Ret | 0.00 | 346.0134 JUS | A-997979 | 02/06/2015 | 1 | 0.00 | 02/06/2015 | English Books |
